000 00567nam a2200229Ia 4500
003 OSt
005 20251204103436.0
008 210210b2010 xxu||||| |||| 00| 0 eng d
020 _a9788171083572
040 _cAL
041 _aeng
082 _a248.32 DLIB
100 _aPatrick Dlima
_9239308
245 _aBegin the school day well
_b: tips for assembly
260 _aMumbai
_bBetter yourself books
_c2010
300 _a286p
650 _awell
_9239309
650 _atips
_9239310
690 _aChristianity
_9239311
906 _a065630
942 _2ddc
_cBK
999 _c146455
_d146455